| 000 | 004070000a22001090004500 | ||
|---|---|---|---|
| 090 |
_aAS _bSeriadas |
||
| 245 | 1 | 0 | _aSerpientes del género Atractus wagler, 1828 (Colubridae, Xenodontinae) en la Amazonia colombiana |
| 041 | 0 | _aEspañol | |
| 100 | 1 |
_aSilva Haad, Juan J. _9100274 |
|
| 942 | _cARTICULO | ||
| 773 | 1 |
_tRevista de la Academia Colombiana de Ciencias Exacta, Físicas y Naturales _h108 _q409-446 _d2004 _g28 |
|
| 999 |
_c16068 _d16068 |
||